| 000 | 00749nam a2200229 i 4500 | ||
|---|---|---|---|
| 001 | 65550 | ||
| 003 | ES-MaACL | ||
| 005 | 20230906165415.0 | ||
| 007 | t| | ||
| 008 | 040115s1982 sp ||||1| spa d | ||
| 100 | 0 |
_aFriedman, Milton ( _d1912-2006) _952636 |
|
| 245 | 1 | 0 |
_aTeoría de los precios / _cMilton Friedman ; versión, José Vergara y José Vergara L. de San Román. |
| 250 | _a[1ª ed.]. | ||
| 260 |
_a[Madrid] : _bAlianza, _c[1982] |
||
| 300 |
_a431 p. ; _c23 cm. |
||
| 490 | 1 |
_aAlianza universidad. Textos ; _v54 |
|
| 700 | 1 |
_aVergara, José. _9114083 |
|
| 700 | 1 |
_aVergara L. de San Román, José. _9114088 |
|
| 830 | 0 |
_aAlianza universidad. Textos ; _v54 _9177885 |
|
| 852 |
_aES-MaACL _jL-4436 _bR.105154 |
||
| 999 |
_c65550 _d65550 |
||